| 000 | 00363nam a2200133Ia 4500 | ||
|---|---|---|---|
| 008 | 190216s9999||||xx |||||||||||||| ||und|| | ||
| 100 | _aJohn R Dyer | ||
| 245 | 0 | _aApplications Of Absorption Spectroscopy Of Organic Compounds | |
| 250 | _a1st Ed. | ||
| 260 |
_bPrentice Hall Of India Pvt Ltd _c1984 |
||
| 300 | _a147 | ||
| 650 | _aChemistry-Chemistry | ||
| 942 | _cBK | ||
| 999 |
_c2391 _d2391 |
||